[Event "Dortmund-B"]
[Site "Dortmund"]
[Date "1989.??.??"]
[Round "?"]
[White "Buecker, Stefan"]
[Black "Lautier, Joel"]
[Result "1-0"]
[WhiteElo "2335"]
[BlackElo "2450"]

1.e4 e6 2.Nf3 c5 3.b3 b6 4.Bd3 Bb7 5.O-O Nf6 6.Re1 Be7 7.e5 Nd5 8.Be4 Qc7
9.Na3 a6 10.Nc4 O-O 11.Bb2 Nf4 12.d4 Bxe4 13.Rxe4 Nd5 14.dxc5 Bxc5 15.Nd6 f5
16.Rh4 Bxd6 17.exd6 Qd8 18.c4 Nf6 19.b4 Nc6 20.a3 Qe8 21.h3 h6 22.Rc1 Qg6
23.b5 Na5 24.a4 Rfc8 25.Bd4 axb5 26.axb5 Rab8 27.Ne5 Qg5 28.g3 Ne4 29.Be3 Qd8
30.Bxh6 gxh6 31.Rxh6 Nf6 32.Qd4 Qf8 33.Qh4 Qg7 34.Rxf6 Nb3  1-0

[Event "Dortmund-B"]
[Site "Dortmund"]
[Date "1989.??.??"]
[Round "?"]
[White "Ristic, Nenad"]
[Black "Lautier, Joel"]
[Result "1-0"]
[WhiteElo "2465"]
[BlackElo "2450"]

1.d4 Nf6 2.Nf3 e6 3.Bg5 c5 4.e3 b6 5.d5 exd5 6.Nc3 Bb7 7.Nxd5 Bxd5 8.Bxf6 Qxf6
9.Qxd5 Nc6 10.O-O-O Rd8 11.Bb5 Be7 12.Bxc6 dxc6 13.Qe5 Qxe5 14.Rxd8+ Kxd8
15.Nxe5 Kc7 16.Rd1 Bf6 17.Nxf7 Rf8 18.Nd6 Rd8 19.Nc4 Rxd1+ 20.Kxd1 b5 21.Nd2 Bxb2
22.c4 Bf6 23.Kc2 Kd7 24.f4 Bd8 25.Kd3 a5 26.e4 a4 27.e5 Ke6 28.Ne4 Kf5 29.Nd6+ Ke6
30.f5+ Kd7 31.cxb5 Bc7 32.bxc6+ Kxc6 33.Nc4 Kd5 34.e6 Bd8 35.g4 g6 36.Nb6+ Ke5
37.Nd7+ Kd5 38.Nb6+ Ke5 39.Nc8 gxf5 40.gxf5 Kxf5 41.e7 Bxe7 42.Nxe7+ Kf4
43.Nd5+ Kf3 44.Nf6  1-0

[Event "Dortmund-B"]
[Site "Dortmund"]
[Date "1989.??.??"]
[Round "?"]
[White "Lautier, Joel"]
[Black "Koch, Jean Rene"]
[Result "0-1"]
[WhiteElo "2450"]
[BlackElo "2390"]

1.d4 Nf6 2.Nf3 g6 3.c4 c5 4.Nc3 cxd4 5.Nxd4 Bg7 6.g3 O-O 7.Bg2 Nc6 8.Nc2 d6
9.O-O Be6 10.b3 Qd7 11.Re1 Bh3 12.Bh1 Ng4 13.Qd2 a6 14.f3 Nf6 15.Bb2 Rfc8
16.Ne3 Rab8 17.Ncd5 Nxd5 18.cxd5 Ne5 19.Bd4 h5 20.Qb2 Bf6 21.Rad1 Qd8 22.Rd2 Nd7
23.Bxf6 Nxf6 24.Qd4 Qc7 25.Kf2 Bd7 26.Rc2 Qa5 27.Rec1 Rxc2 28.Rxc2 Rc8 29.b4 Qd8
30.Rc3 Rxc3 31.Qxc3 Qb6 32.Ke1 Qb5 33.f4 Ng4 34.Nxg4 Bxg4 35.Qd2 Qc4 36.Kf2 Kf8
37.Bg2 Bf5 38.e3 Bd3 39.Bf3 Ke8 40.Qb2 Kd7 41.a4 f6 42.h4 Ke8 43.a5 Kf7 44.Qd2 Bf5
45.Be2 Qb3 46.Bd1 Qb1 47.Bf3 Bd3 48.Bg2 Kf8 49.Qc3 Bf5 50.Qd2 Kf7 51.Bf3 Bd3
52.Bg2 Kg7 53.Qc3 Qd1 54.Qd4 Qe2+ 55.Kg1 Bf5 56.e4 Qe1+ 57.Kh2 Bg4 58.Qb2 Qe3
59.Qc2 Kf7 60.Qb2 Be2 61.Qc2 Bf3 62.Bxf3 Qxf3 63.Qb1 Qf2+ 64.Kh3 Qe2 65.Qh1 Qb2
66.Qe1 Kg7 67.f5 g5 68.g4 hxg4+ 69.Kg3 Qe5+ 70.Kxg4 Qf4+ 71.Kh3 g4+ 72.Kg2 Qf3+
73.Kh2 Kh6 74.Qc1+ Kh5 75.Qc8 Qf2+ 76.Kh1 Kxh4  0-1

[Event "Dortmund-B"]
[Site "Dortmund"]
[Date "1989.??.??"]
[Round "?"]
[White "Lautier, Joel"]
[Black "Nun, Jiri"]
[Result "0-1"]
[WhiteElo "2450"]
[BlackElo "2475"]

1.d4 Nf6 2.c4 c5 3.d5 e6 4.Nc3 exd5 5.cxd5 d6 6.e4 g6 7.f4 Bg7 8.Bb5+ Nfd7
9.a4 O-O 10.Nf3 Na6 11.O-O Nb4 12.Re1 a6 13.Bf1 Re8 14.h3 b6 15.Bc4 Bb7 16.Be3 Nf6
17.Bf2 Nh5 18.Qd2 Bh6 19.g3 Qd7 20.Kh2 Bc8 21.Ng1 Rb8 22.Qe2 Qd8 23.Rad1 f5
24.e5 Nxf4 25.gxf4 Bxf4+ 26.Bg3 Bxg3+ 27.Kxg3 dxe5 28.d6+ Kg7 29.Nf3 e4 30.Qd2 Bd7
31.Ng1 e3 32.Qe2 Qg5+ 33.Kh2 Qf4+ 34.Kg2 Bc6+ 35.Nf3 Nc2 36.Bd5 Nxe1+ 37.Nxe1 Qxd6
38.Qxa6 e2 39.Rd3 Rbd8 40.Qc4 Re5 41.Bxc6 Qxc6+ 42.Kf2 Qh1  0-1

[Event "Dortmund-B"]
[Site "Dortmund"]
[Date "1989.??.??"]
[Round "?"]
[White "Lautier, Joel"]
[Black "Wahls, Matthias"]
[Result "1/2-1/2"]
[WhiteElo "2450"]
[BlackElo "2515"]

1.d4 Nf6 2.c4 e6 3.Nc3 Bb4 4.e3 b6 5.Ne2 Ba6 6.Ng3 O-O 7.e4 Nc6 8.e5 Ne8
9.Qa4 Bb7 10.Bd3 Nxd4 11.Qxb4 c5 12.Qa4 Bxg2 13.Be4 Bxe4 14.Ncxe4 Nf3+ 15.Kf1 Nxe5
16.f4 Ng6 17.Qd1 d5 18.cxd5 exd5 19.Ng5 Nf6 20.f5 Ne5 21.Bf4 Re8 22.Nf3 Nc4
23.b3 Ne3+ 24.Bxe3 Rxe3 25.Kg2 d4 26.Re1 Ng4 27.Nf1 Rxe1 28.Qxe1 Qd5 29.h3 Nf6
30.Qe5 Qc6 31.Re1 h6 32.Nd2 Rd8 33.Kf2 Kh8 34.Qe7 Rd7 35.Qf8+ Kh7 36.Ne5 Qc7
37.Nxd7 Qh2+ 38.Kf1 Qxh3+ 39.Ke2 Qg4+ 40.Kf2 Qh4+ 41.Ke2 Qg4+ 42.Kf2 Qh4+
43.Ke2  1/2-1/2

[Event "Dortmund-B"]
[Site "Dortmund"]
[Date "1989.??.??"]
[Round "?"]
[White "Mainka, Romuald"]
[Black "Lautier, Joel"]
[Result "0-1"]
[WhiteElo "2410"]
[BlackElo "2450"]

1.e4 e6 2.d4 d5 3.Nc3 Nf6 4.e5 Nfd7 5.f4 c5 6.Nf3 Nc6 7.Be3 cxd4 8.Nxd4 Bc5
9.Qd2 Bxd4 10.Bxd4 a6 11.O-O-O O-O 12.Qf2 b5 13.Bd3 b4 14.Ne2 a5 15.Kb1 Ba6
16.g4 a4 17.g5 Qc7 18.Qh4 Bxd3 19.Rxd3 Rfc8 20.Rc1 Na5 21.Qg4 Nc4 22.h4 Qa5
23.g6 hxg6 24.h5 b3 25.hxg6 a3 26.gxf7+ Kxf7 27.f5 axb2 28.fxe6+ Kg8 29.Qxg7+ Kxg7
30.Rg3+ Kf8 31.Rf1+ Ke7 32.Rg7+ Kd8  0-1

[Event "FRA-chT"]
[Site "?"]
[Date "1989.??.??"]
[Round "?"]
[White "Chevallier, Didier"]
[Black "Lautier, Joel"]
[Result "1-0"]
[WhiteElo "2255"]
[BlackElo "2450"]

1.e4 e6 2.d4 d5 3.Nc3 Nf6 4.e5 Nfd7 5.f4 c5 6.Nf3 Nc6 7.Be3 cxd4 8.Nxd4 Bc5
9.a3 O-O 10.b4 Bxd4 11.Bxd4 a5 12.b5 Nxd4 13.Qxd4 Qb6 14.Qxb6 Nxb6 15.Bd3 Bd7
16.Ne2 f6 17.O-O fxe5 18.fxe5 Rxf1+ 19.Rxf1 Rc8 20.Rf4 Rc5 21.a4 Rc8 22.Kf2 g5
23.Rg4 h6 24.h4 Kf7 25.hxg5 hxg5 26.Nc1 Rg8 27.Nb3 Bc8 28.Nd2 Ke7 29.Nf3 Nd7
30.c3 b6 31.Bc2 Bb7 32.Ke3 Rc8 33.Kd2 Rg8 34.Kd3 Nc5+ 35.Ke3 Rh8 36.Rxg5 Kf8
37.Rg6 Rh1 38.Rf6+ Kg8 39.Rg6+ Kf7 40.Ng5+ Ke8 41.Nxe6 Re1+ 42.Kf4 Rf1+ 43.Kg3 Rc1
44.Nd4 Re1 45.e6 Kf8 46.Rf6+ Ke7 47.Rf7+ Kd8 48.Bf5 Ke8 49.Kf2 Re5 50.Bg6 Rg5
51.Bf5 Rg8 52.Nc6 Rg5 53.g4 Bc8 54.Rh7 Bxe6 55.Bxe6  1-0

[Event "FRA-chT"]
[Site "?"]
[Date "1989.??.??"]
[Round "?"]
[White "Lautier, Joel"]
[Black "Gallagher, Joseph G"]
[Result "1/2-1/2"]
[WhiteElo "2450"]
[BlackElo "2405"]

1.d4 Nf6 2.c4 g6 3.Nc3 Bg7 4.e4 d6 5.f3 O-O 6.Be3 e5 7.d5 c6 8.Bd3 b5 9.Nge2 b4
10.Na4 c5 11.O-O Nh5 12.a3 Na6 13.Qd2 f5 14.exf5 gxf5 15.f4 e4 16.Bb1 Rb8
17.axb4 Rxb4 18.Rc1 Qe8 19.Qc2 Qg6 20.Bd2 Rb7 21.Bc3 Nb4 22.Qd2 e3 23.Qe1 Bd4
24.Qf1 Qg4 25.h3 Qh4 26.Be1 Qf6 27.Qf3 Qh6 28.Bc3 Rg7 29.Kh2 Bf6 30.Ra3 Re8
31.Kh1 Bd7 32.Bxf6 Nxf6 33.Nac3 Bc8 34.Nd1 Ne4 35.Rxe3 Rge7 36.Bxe4 fxe4
37.Qf1 Nd3 38.Rc3 Bf5 39.Rg3+ Kh8 40.Ne3 Qf6 41.Qb1 Rb8 42.b3 Bd7 43.Qf1 Rf8
44.Rc2 Rb8  1/2-1/2

[Event "EU-chT"]
[Site "Haifa"]
[Date "1989.??.??"]
[Round "3"]
[White "Lautier, Joel"]
[Black "Schussler, Harry"]
[Result "0-1"]
[WhiteElo "2465"]
[BlackElo "2540"]

1.d4 d5 2.c4 e6 3.Nc3 Nf6 4.cxd5 exd5 5.Bg5 c6 6.Qc2 Be7 7.e3 Nbd7 8.Bd3 O-O
9.Nf3 Re8 10.O-O Nf8 11.h3 Be6 12.Rab1 Rc8 13.b4 a6 14.Rfc1 Ng6 15.Bxf6 Bxf6
16.Na4 Rc7 17.Nc5 Bc8 18.a4 Be7 19.Qd1 Bd6 20.b5 axb5 21.axb5 Nh4 22.bxc6 bxc6
23.Rb6 Nxf3+ 24.Qxf3 g6 25.Rb3 Ra7 26.Rbc3 Kg7 27.Bc2 Ra5 28.Ba4 Bxc5 29.Bxc6 Bd6
30.Bxe8 Qxe8 31.g4 Be6 32.Kg2 Qe7 33.Rc6 Ra7 34.Rb6 Rb7 35.Ra6 Ra7 36.Rb6 Qd7
37.Rc3 Ra1 38.Rbc6 h5 39.Rc1 hxg4 40.hxg4 Ra5 41.Kg1 Ra8 42.Qg2 g5 43.f3 Rh8
44.R1c2 Rh4 45.Qf1 Qd8 46.Qa6 Qh8 47.Kf1 Rh1+ 48.Ke2 Bb4  0-1

[Event "EU-chT"]
[Site "Haifa"]
[Date "1989.??.??"]
[Round "5"]
[White "Lautier, Joel"]
[Black "Jones, Iolo C"]
[Result "1-0"]
[WhiteElo "2465"]
[BlackElo "2245"]

1.d4 Nf6 2.c4 d6 3.Nc3 e5 4.Nf3 Nbd7 5.e4 Be7 6.Be2 O-O 7.O-O c6 8.Re1 a6
9.Bf1 Rb8 10.a3 b5 11.cxb5 axb5 12.b4 Bb7 13.h3 Ne8 14.Be3 Nc7 15.Qd2 Bf6
16.dxe5 Nxe5 17.Nd4 d5 18.f4 Nc4 19.Bxc4 Bxd4 20.Bxd4 dxc4 21.Qf2 f6 22.f5 Rf7
23.Rad1 Ra8 24.e5 fxe5 25.Bxe5 Nd5 26.Re3 Qf8 27.Nxd5 cxd5 28.Rg3 Kh8 29.Qd4 Ra6
30.Rf1 Bc8 31.Rf4 Raa7 32.Rxg7  1-0

[Event "Lugano op"]
[Site "Lugano"]
[Date "1989.??.??"]
[Round "2"]
[White "Lautier, Joel"]
[Black "Bosbach, Gerhard"]
[Result "1/2-1/2"]
[WhiteElo "2450"]
[BlackElo "2250"]

1.d4 d5 2.c4 dxc4 3.Nf3 Nf6 4.Nc3 c6 5.a4 Bf5 6.e3 Bd3 7.Bxd3 cxd3 8.Qxd3 e6
9.e4 h6 10.O-O Be7 11.Ne5 Nbd7 12.f4 Nb6 13.Qg3 Qxd4+ 14.Be3 Qb4 15.Qxg7 Rh7
16.Qg3 Bc5 17.f5 Bxe3+ 18.Qxe3 Nfd7 19.Nd3 Nc4 20.Qe2 Qb6+ 21.Kh1 O-O-O 22.fxe6 fxe6
23.Nf4 Nde5 24.Rad1 Rg8 25.Nxe6 Qxb2 26.Qxb2 Nxb2 27.Rd2 Nbc4 28.Rdf2 Re7  1/2-1/2

[Event "Lugano op"]
[Site "Lugano"]
[Date "1989.??.??"]
[Round "3"]
[White "Ftacnik, Lubomir"]
[Black "Lautier, Joel"]
[Result "1/2-1/2"]
[WhiteElo "2550"]
[BlackElo "2450"]

1.d4 Nf6 2.Nf3 e6 3.c4 b6 4.g3 Ba6 5.b3 Bb4+ 6.Bd2 Be7 7.Nc3 O-O 8.e4 d5
9.cxd5 Bxf1 10.Kxf1 exd5 11.e5 Ne4 12.Kg2 c5 13.Re1 Nc6 14.Rc1 Nxc3 15.Bxc3 Qd7
16.Qd3 Rac8 17.Rcd1 Rfd8 18.Re2 Qe6 19.Ne1 cxd4 20.Bxd4 Bc5 21.Nc2 Qg6 22.f4 Nxd4
23.Qxg6 hxg6 24.Nxd4 Bxd4 25.Rxd4 Kf8 26.Kf3 Rc3+ 27.Kg4 Ke7 28.Kg5 Ke6 29.g4 Rf3
30.Rc2 f6+ 31.Kxg6 fxe5 32.Re2 e4 33.Rexe4+ dxe4 34.Rxd8 Rxf4 35.g5 Ke5 36.Kxg7 e3
37.g6 Re4 38.Rd1 Rh4 39.Kf7 Rf4+ 40.Kg8 Ke4 41.g7 e2 42.Rg1 Rf1 43.Rg6 Ke5
44.Kh7 e1=Q 45.g8=Q Qh4+ 46.Rh6 Qe7+ 47.Qg7+ Qxg7+ 48.Kxg7 Rf2 49.a4 Rb2
50.a5  1/2-1/2

[Event "Lugano op"]
[Site "Lugano"]
[Date "1989.??.??"]
[Round "4"]
[White "Lautier, Joel"]
[Black "Sibarevic, Milenko"]
[Result "1-0"]
[WhiteElo "2450"]
[BlackElo "2365"]

1.d4 Nf6 2.c4 g6 3.Nc3 d5 4.cxd5 Nxd5 5.e4 Nxc3 6.bxc3 c5 7.Nf3 Bg7 8.Rb1 O-O
9.Be2 Nc6 10.d5 Ne5 11.Nxe5 Bxe5 12.Qd2 e6 13.f4 Bg7 14.c4 exd5 15.cxd5 Bd4
16.Bb2 Qe7 17.e5 Bf5 18.Rd1 Qh4+ 19.g3 Qd8 20.Bf3 Bxb2 21.Qxb2 Qb6 22.Qc3 c4
23.Kf1 Qc5 24.g4 Bd7 25.Kg2 b5 26.Rhe1 b4 27.Qc2 c3 28.f5 gxf5 29.gxf5 Kh8
30.Kh1 Rac8 31.Qe4 c2 32.Rc1 Qc3 33.f6 Rg8 34.Qe3 Bf5 35.Qf4 Rc4 36.Qe3 a5
37.Qxc3 Rxc3 38.Bg2 Rd8 39.Rf1 Bd3 40.Rf4 Bc4  1-0

[Event "Lugano op"]
[Site "Lugano"]
[Date "1989.??.??"]
[Round "5"]
[White "Gheorghiu, Florin"]
[Black "Lautier, Joel"]
[Result "1/2-1/2"]
[WhiteElo "2515"]
[BlackElo "2450"]

1.d4 Nf6 2.c4 e6 3.Nf3 b6 4.g3 Ba6 5.b3 Bb4+ 6.Bd2 Be7 7.Bg2 c6 8.Bc3 Ne4
9.O-O d5 10.Bb2 Nd7 11.Nbd2 f5 12.Rc1 Bb7 13.Ne1 O-O 14.Nd3 Bd6 15.Nf3 dxc4
16.Rxc4 c5 17.dxc5 Ndxc5 18.Rd4 Qe7 19.Nxc5 bxc5 20.Rc4 Rfd8 21.Qc1 a5 22.Rd1 Bd5
23.Rc2 a4 24.Nd2 axb3 25.axb3 Rab8 26.Nc4 Bc7 27.Rd3 f4 28.Nd2 Nxd2 29.Bxd5 Nxb3
30.Bxb3 Rxd3 31.exd3 Rxb3 32.Rxc5 Bd6 33.Rc8+ Kf7 34.Rc3 Qb7 35.Rxb3 Qxb3
36.Qc3 Qxc3 37.Bxc3 fxg3 38.fxg3  1/2-1/2

[Event "Lugano op"]
[Site "Lugano"]
[Date "1989.??.??"]
[Round "6"]
[White "Lautier, Joel"]
[Black "Gavrikov, Viktor"]
[Result "1-0"]
[WhiteElo "2450"]
[BlackElo "2535"]

1.Nf3 g6 2.c4 Bg7 3.Nc3 c5 4.g3 Nc6 5.Bg2 d6 6.O-O Nh6 7.e3 Nf5 8.a3 O-O
9.Rb1 a5 10.Ne1 Bd7 11.b3 Rb8 12.Nb5 Ne5 13.f4 Bxb5 14.cxb5 Nd7 15.Nf3 d5
16.g4 Nd6 17.a4 c4 18.Ba3 Nb6 19.d3 cxb3 20.Qxb3 Qc8 21.Ne5 Qe6 22.Bc5 Ndc8
23.Bd4 Qd6 24.g5 f6 25.gxf6 exf6 26.Nf3 Kh8 27.Rfc1 Re8 28.Bh3 Ne7 29.Bc5 Qd8
30.Nd4 Nec8 31.Ne6 Qd7 32.Nxg7 Qxg7 33.Bd4 Kg8 34.Bxc8 Nxc8 35.Qxd5+ Kh8
36.Rc7 Ne7 37.Qd6 Nf5 38.Bxf6 Nxd6 39.Rxg7  1-0

[Event "Lugano op"]
[Site "Lugano"]
[Date "1989.??.??"]
[Round "8"]
[White "Lautier, Joel"]
[Black "Kortschnoj, Viktor"]
[Result "1/2-1/2"]
[WhiteElo "2450"]
[BlackElo "2610"]

1.d4 Nf6 2.c4 e6 3.Nf3 d5 4.Nc3 Be7 5.cxd5 exd5 6.Bg5 c6 7.Qc2 O-O 8.e3 Ne4
9.Bxe7 Qxe7 10.Bd3 Bf5 11.O-O Nd7 12.Rab1 Rfe8 13.b4 Rac8 14.Rfe1 Bg6 15.Nd2 Nxd2
16.Qxd2 Nb6 17.Bxg6 hxg6 18.Qd3 Qe6 19.Rec1 Re7 20.a4 a6 21.a5 Nc4 22.Na4 Nd6
23.Nc5 Qf5 24.Qxf5 gxf5 25.g3 g5 26.Nd3 Kg7 27.Kg2 Rh8 28.Rh1 Re4 29.h3 f6
30.Rh2 Nf7 31.Rbh1 Nd6 32.Kf3 Re7 33.h4 g4+ 34.Ke2 Rhe8 35.Kd2  1/2-1/2

[Event "Paris-ch"]
[Site "Paris"]
[Date "1989.??.??"]
[Round "8"]
[White "Plachetka, Jan"]
[Black "Lautier, Joel"]
[Result "0-1"]
[WhiteElo "2450"]
[BlackElo "2450"]

1.d4 Nf6 2.Nf3 g6 3.Bg5 Bg7 4.Nbd2 d5 5.e3 O-O 6.Bd3 c5 7.c3 Nbd7 8.O-O Re8
9.c4 cxd4 10.exd4 dxc4 11.Bxc4 Nb6 12.Bb3 Nbd5 13.Re1 Qb6 14.Nc4 Qa6 15.Nce5 Be6
16.Bh4 h6 17.Nd3 Bf5 18.Nc5 Qb6 19.Ne5 g5 20.Bg3 a5 21.Qf3 e6 22.Nc4 Qa7
23.Nd6 Bg4 24.Qd3 Re7 25.Rac1 Qb6 26.h4 Nf4 27.Bxf4 gxf4 28.Nc4 Qd8 29.Ne5 Bf5
30.Qd2 Nd5 31.Bxd5 Qxd5 32.Qxf4 Rd8 33.Rcd1 Qxa2 34.b3 Qa3 35.g4 Bc2 36.Rd2 Qb4
37.Nxb7 Rc8 38.Nc4 Rxb7 39.Nd6 e5 40.Rxe5 Bxe5 41.Qxe5 Qxd2 42.Nxc8 Qd1+
43.Kh2 Qxg4 44.Nd6 Qxh4+  0-1

[Event "Sochi-A"]
[Site "Sochi"]
[Date "1989.??.??"]
[Round "?"]
[White "Razuvaev, Yuri S"]
[Black "Lautier, Joel"]
[Result "1/2-1/2"]
[WhiteElo "2545"]
[BlackElo "2465"]

1.d4 Nf6 2.c4 e6 3.g3 c5 4.d5 exd5 5.cxd5 d6 6.Nc3 g6 7.Bg2 Bg7 8.Nf3 O-O
9.O-O Na6 10.h3 Re8 11.Re1 Bd7 12.a4 Ne4 13.Nxe4 Rxe4 14.Nd2 Rb4 15.Ra2 b5
16.axb5 Nc7 17.b3 Nxb5 18.Bb2 Bxb2 19.Rxb2 a5 20.Qa1 Qf6 21.Ra2 Qxa1 22.Rexa1 Nc3
23.Rxa5 Nxe2+ 24.Kh2 Rxa5 25.Rxa5 Nd4 26.Ne4 Kf8 27.Nxd6 Ke7 28.Ne4  1/2-1/2

[Event "Sochi-A"]
[Site "Sochi"]
[Date "1989.??.??"]
[Round "?"]
[White "Nun, Jiri"]
[Black "Lautier, Joel"]
[Result "1/2-1/2"]
[WhiteElo "2475"]
[BlackElo "2465"]

1.e4 c5 2.c3 d5 3.exd5 Qxd5 4.d4 e6 5.Nf3 Nf6 6.Na3 Be7 7.Nb5 Na6 8.c4 Qd8
9.Be2 Nc7 10.Nc3 cxd4 11.Qxd4 Qxd4 12.Nxd4 e5 13.Nf3 Bd6 14.O-O Bf5 15.Rd1 Ke7
16.Be3 b6 17.h3 Rhd8 18.a3 Ne4 19.Na2 Bc8 20.b4 Bb7 21.Nd2 Nxd2 22.Rxd2 Ne6
23.Rad1 f5 24.f3 Bc7 25.Nc3 Rxd2 26.Rxd2 Rd8 27.Nd5+ Bxd5 28.cxd5 Nf4 29.Bc4 Bb8
30.Bxf4 exf4 31.Re2+ Kf8 32.Re6 Re8 33.Rc6 Rd8 34.Kf1 Bd6 35.Ke2 Ke7 36.Kd3 Rd7
37.Ba6 Rc7 38.Kd4 Kd7 39.Bb5 Ke7 40.Bd3 g6 41.Kc4 Kd7 42.Kb5 Rxc6 43.dxc6+ Kc7
44.Bc4 g5 45.Be6 a5 46.bxa5 bxa5 47.a4 Bb4 48.Bf7 Bd6 49.Bh5 Ba3 50.Kxa5 Kxc6
51.Be8+ Kc5 52.Ka6 Bb4 53.Kb7 Ba5 54.Kc8 Kd6 55.Bh5 Kc6 56.Bf7 Kd6 57.Be8 Ke7
58.Bb5 Kd6 59.Kb7 h5  1/2-1/2

[Event "Sochi-A"]
[Site "Sochi"]
[Date "1989.??.??"]
[Round "?"]
[White "Lautier, Joel"]
[Black "Schlosser, Michael"]
[Result "1-0"]
[WhiteElo "2465"]
[BlackElo "2430"]

1.d4 Nf6 2.c4 g6 3.Nc3 Bg7 4.e4 O-O 5.Be3 d6 6.f3 Nc6 7.Nge2 Rb8 8.Qd2 Re8
9.h4 h5 10.O-O-O a6 11.Nd5 b5 12.Nxf6+ exf6 13.g4 hxg4 14.h5 gxf3 15.Ng3 Qe7
16.Qh2 Na5 17.hxg6 fxg6 18.Qh7+ Kf7 19.Rh6 Bf5 20.Nxf5 gxf5 21.Rg6 Rg8 22.Bh6 Qf8
23.Bh3 f2 24.Rxf6+  1-0

[Event "Sochi-A"]
[Site "Sochi"]
[Date "1989.??.??"]
[Round "?"]
[White "Lautier, Joel"]
[Black "Popchev, Milko"]
[Result "1/2-1/2"]
[WhiteElo "2465"]
[BlackElo "2425"]

1.d4 d6 2.Nf3 Bg4 3.c4 Bxf3 4.exf3 g6 5.Nc3 Bg7 6.g3 e6 7.Bg2 Ne7 8.f4 d5
9.cxd5 exd5 10.Qb3 Nbc6 11.Qxb7 Rb8 12.Qa6 Rb6 13.Qd3 O-O 14.O-O Bxd4  1/2-1/2

[Event "Sochi-A"]
[Site "Sochi"]
[Date "1989.??.??"]
[Round "?"]
[White "Lautier, Joel"]
[Black "Geller, Efim P"]
[Result "1-0"]
[WhiteElo "2465"]
[BlackElo "2505"]

1.d4 d5 2.c4 e6 3.Nc3 Be7 4.Nf3 Nf6 5.cxd5 exd5 6.Bg5 c6 7.Qc2 Na6 8.a3 g6
9.e4 Nxe4 10.Nxe4 Bf5 11.Bxa6 Bxe4 12.Qc3 bxa6 13.Qxc6+ Kf8 14.Bxe7+ Kxe7
15.Ne5 Rc8 16.Rc1 f6 17.Qb7+ Ke6 18.Rxc8 Qxc8 19.Qf7+ Kf5 20.O-O Rf8 21.Qg7 Bxg2
22.Kxg2 fxe5 23.Qxe5+ Kg4 24.Re1 Rf5 25.Qe7 Rg5 26.Kh1 Qf5 27.Rg1+  1-0

[Event "FRA-NLD"]
[Site "Cannes"]
[Date "1990.??.??"]
[Round "6"]
[White "Ree, Hans"]
[Black "Lautier, Joel"]
[Result "1/2-1/2"]
[WhiteElo "2455"]
[BlackElo "2500"]

1.Nf3 Nf6 2.c4 g6 3.b4 Bg7 4.Bb2 O-O 5.e3 c6 6.d4 d5 7.Nbd2 Bf5 8.Be2 Nbd7
9.O-O a5 10.b5 cxb5 11.cxb5 a4 12.Ba3 Re8 13.Rc1 Ne4 14.Nxe4 Bxe4 15.Qd2 e5
16.dxe5 Nxe5 17.Nxe5 Bxe5 18.Bb2 Qh4 19.Bxe5 Rxe5 20.f3 Bf5 21.f4 Re7 22.Qxd5 Rxe3
23.Rc7 Re7 24.Rxe7 Qxe7 25.Bf3 Be6 26.Qxb7 Qxb7 27.Bxb7 Rb8 28.Bc6 Bxa2 29.Ra1 Bb3  1/2-1/2

[Event "FRA-NLD"]
[Site "Cannes"]
[Date "1990.??.??"]
[Round "10"]
[White "Sosonko, Gennadi"]
[Black "Lautier, Joel"]
[Result "1/2-1/2"]
[WhiteElo "2525"]
[BlackElo "2500"]

1.d4 Nf6 2.Nf3 e6 3.g3 b5 4.Bg2 Bb7 5.Bg5 c5 6.c3 Na6 7.O-O Be7 8.Nbd2 O-O
9.e3 Qb6 10.Qb1 h6 11.Bxf6 Bxf6 12.Ne4 Bxe4 13.Qxe4 d5 14.Qd3 cxd4  1/2-1/2

[Event "FRA-chT"]
[Site "FRA"]
[Date "1990.??.??"]
[Round "?"]
[White "Lautier, Joel"]
[Black "Hebden, Mark"]
[Result "0-1"]
[WhiteElo "2500"]
[BlackElo "2530"]

1.c4 g6 2.Nc3 Bg7 3.g3 Nf6 4.Bg2 O-O 5.Nf3 Nc6 6.O-O e5 7.d3 Re8 8.Bg5 h6
9.Bxf6 Bxf6 10.Rb1 Bg7 11.b4 Nd4 12.Nd2 h5 13.b5 h4 14.a4 d6 15.a5 hxg3 16.hxg3 a6
17.bxa6 Rxa6 18.Bxb7 Rxa5 19.e3 Bxb7 20.Rxb7 Qc8 21.Qb1 e4 22.Nd5 Qh3 23.exd4 Bxd4
24.Rb8 Qxg3+ 25.Kh1 Qh3+ 26.Kg1 Qg4+ 27.Kh1 Ra8 28.Rxa8 Rxa8 29.Qd1 Qh3+
30.Kg1 Be5  0-1

[Event "Lyon zt"]
[Site "Lyon"]
[Date "1990.??.??"]
[Round "6"]
[White "Lautier, Joel"]
[Black "Koch, Jean Rene"]
[Result "1-0"]
[WhiteElo "2500"]
[BlackElo "2425"]

1.Nf3 c5 2.c4 g6 3.d4 cxd4 4.Nxd4 Bg7 5.e4 Nc6 6.Be3 Nf6 7.Nc3 O-O 8.Be2 d6
9.O-O Nxd4 10.Bxd4 Bd7 11.Qd3 a6 12.Qe3 Bc6 13.b4 Qb8 14.b5 axb5 15.cxb5 Bd7
16.a4 Be6 17.a5 Nd7 18.Bxg7 Kxg7 19.b6 Nc5 20.Nb5 Na6 21.f4 Bd7 22.Nc3 Bc6
23.f5 Nc5 24.Bc4 Qd8 25.e5 Nd7 26.exd6 exd6 27.Bd5 Rc8 28.Rad1 Bxd5 29.Nxd5 Rc5
30.Rf3 Re8 31.Qf4 Ne5 32.Rh3 h5 33.f6+ Kh7 34.Qg5 Re6 35.Rxh5+  1-0

[Event "Lyon zt"]
[Site "Lyon"]
[Date "1990.??.??"]
[Round "7"]
[White "Seret, Jean Luc"]
[Black "Lautier, Joel"]
[Result "0-1"]
[WhiteElo "2405"]
[BlackElo "2500"]

1.g3 g6 2.Bg2 Bg7 3.c4 e5 4.Nc3 d6 5.d3 Nf6 6.Nf3 O-O 7.O-O c6 8.c5 Na6 9.cxd6 Qxd6
10.Qa4 Re8 11.Rd1 Qe7 12.Qh4 Nd5 13.Qxe7 Rxe7 14.Ng5 h6 15.Nge4 Be6 16.Bd2 Ndb4
17.Be1 Nc2 18.Rac1 Nxe1 19.Rxe1 Rd8 20.Nd2 f5 21.Ndb1 h5 22.b3 Red7 23.Na4 Bf8
24.Nb2 Bh6 25.Rc3 Bg7 26.Nc4 e4 27.dxe4 Bxc3 28.Nxc3 Bxc4 29.bxc4 fxe4 30.Nxe4 Rd1
31.Kf1 Nb4 32.Nc3 Rxe1+ 33.Kxe1 Rd4 34.Bh3 Kf7 35.c5 Nc2+ 36.Kf1 Rc4  0-1

[Event "Lyon zt"]
[Site "Lyon"]
[Date "1990.??.??"]
[Round "11"]
[White "Kuijf, Marinus"]
[Black "Lautier, Joel"]
[Result "0-1"]
[WhiteElo "2490"]
[BlackElo "2500"]

1.e4 e6 2.d4 d5 3.Nd2 c5 4.Ngf3 cxd4 5.Nxd4 Nc6 6.Bb5 Bd7 7.Nxc6 Bxc6 8.Bxc6+ bxc6
9.c4 dxe4 10.Qa4 Qb6 11.Nxe4 Qb4+ 12.Qxb4 Bxb4+ 13.Ke2 Nf6 14.Nxf6+ gxf6
15.Be3 Rg8 16.Kf3 f5 17.h3 h5 18.Rad1 Ke7 19.a3 Bd6 20.Rd2 Rgd8 21.Rhd1 Bc7
22.Rxd8 Bxd8 23.Rd3 Rb8 24.b4 a5 25.Rb3 axb4 26.axb4 Bb6 27.Bxb6 Rxb6 28.Ke3 e5
29.Kd3 Ke6 30.f4 f6 31.Kc3 Rb8 32.b5 cxb5 33.cxb5 Kd5 34.Kb4 e4 35.Rc3 Kd4
36.Rc6 e3 37.Rd6+ Ke4 38.Re6+ Kd3 39.Rd6+ Kc2 40.Rc6+ Kd2 41.Rd6+ Ke1 42.Rxf6 e2
43.Rxf5 Re8 44.Rc5 Kd2 45.Rd5+ Kc2  0-1

[Event "Lyon zt"]
[Site "Lyon"]
[Date "1990.??.??"]
[Round "13"]
[White "Stull, Norbert"]
[Black "Lautier, Joel"]
[Result "0-1"]
[WhiteElo "2235"]
[BlackElo "2500"]

1.d4 Nf6 2.c4 e6 3.Nf3 b6 4.g3 Ba6 5.b3 d5 6.Bg2 Bb4+ 7.Bd2 Be7 8.cxd5 exd5
9.O-O O-O 10.Nc3 Bb7 11.Rc1 Na6 12.Ne5 Re8 13.Re1 Ba3 14.Rb1  0-1

[Event "Novi Sad ol (Men)"]
[Site "Novi Sad"]
[Date "1990.??.??"]
[Round "2"]
[White "Owosina, Tolani"]
[Black "Lautier, Joel"]
[Result "0-1"]
[WhiteElo "2205"]
[BlackElo "2570"]

1.d4 Nf6 2.Nf3 g6 3.c4 Bg7 4.Nc3 O-O 5.e4 d6 6.h3 e5 7.dxe5 dxe5 8.Qxd8 Rxd8
9.Be3 Na6 10.Be2 c6 11.O-O Re8 12.Nd2 Bf8 13.Nb3 b6 14.Rac1 Nc7 15.c5 Rb8
16.cxb6 axb6 17.Na4 c5 18.Nd2 Ne6 19.Bb5 Rd8 20.f3 Nd4 21.Bxd4 exd4 22.Nc4 Bd7
23.Na3 Ra8 24.Bxd7 Nxd7 25.b3 Rdb8 26.Nc2 b5 27.Nb2 Rxa2 28.Rb1 c4 29.Na1 Ba3
30.Nd1 Bc5 31.Kh1 Rba8 32.Nb2 Ba3 33.Rf2 Bxb2 34.Rfxb2 Rxb2 35.Rxb2 Rxa1+
36.Kh2 c3 37.Rc2 b4  0-1

[Event "Novi Sad ol (Men)"]
[Site "Novi Sad"]
[Date "1990.??.??"]
[Round "4"]
[White "Lautier, Joel"]
[Black "Torre, Eugenio"]
[Result "1/2-1/2"]
[WhiteElo "2570"]
[BlackElo "2530"]

1.d4 d5 2.c4 c6 3.Nf3 Nf6 4.cxd5 cxd5 5.Nc3 Nc6 6.Bf4 e6 7.e3 Nh5 8.Bg5 Qb6
9.a3 h6 10.Bh4 g5 11.Bg3 Nxg3 12.hxg3 Bg7 13.Bd3 Qd8 14.g4 Kf8 15.Rc1 Qd6
16.Ne2 e5 17.dxe5 Nxe5 18.Nxe5 Bxe5 19.Nd4 Bxd4 20.exd4 Bd7 21.O-O Kg7 22.Qf3 Rac8
23.Rxc8 Rxc8 24.Re1 Re8 25.Rxe8 Bxe8 26.Qe3 Bd7 27.f3 Qe6 28.Kf2 Qxe3+  1/2-1/2

[Event "Novi Sad ol (Men)"]
[Site "Novi Sad"]
[Date "1990.??.??"]
[Round "12"]
[White "Georgiev, Kiril"]
[Black "Lautier, Joel"]
[Result "1/2-1/2"]
[WhiteElo "2580"]
[BlackElo "2570"]

1.d4 Nf6 2.c4 g6 3.Nf3 Bg7 4.g3 O-O 5.Bg2 d6 6.O-O Nbd7 7.Nc3 e5 8.h3 c6
9.e4 Qb6 10.Re1 exd4 11.Nxd4 Ne8 12.Nf3 Ne5 13.Nxe5 dxe5 14.Be3 Qxb2 15.Qb3 Qxb3
16.axb3 Nc7 17.Bxa7 Na6 18.Bb6 Be6 19.Red1 Rfe8 20.Na4 Bf8 21.h4 Be7 22.Kh2 Bd8
23.Be3 Bc7 24.Bh3 f5 25.Nc5 Nxc5 26.Bxc5 Kf7 27.Bg2 Rec8 28.Bf3 Bd8 29.Kg2 Be7
30.Bb6 Bb4 31.Be3 Bc3 32.Rac1 Bb4 33.h5 Ra3 34.Rd3 Be7 35.hxg6+ hxg6 36.Rh1 Kg7
37.Bh6+ Kg8 38.Re1 Kf7 39.exf5 Bxf5 40.Be4 Bg4 41.Bc1 Ra2 42.Rh1 Bc5 43.Be3 Bxe3
44.Rxe3 Kg7 45.Bb1 Rb2 46.Be4 Rf8 47.Rf1 Rd8 48.Bf3  1/2-1/2

[Event "Paris Immopar"]
[Site "Paris"]
[Date "1990.??.??"]
[Round "?"]
[White "Lautier, Joel"]
[Black "Spassky, Boris V"]
[Result "1-0"]
[WhiteElo "2500"]
[BlackElo "2560"]

1.d4 Nf6 2.c4 d6 3.Nc3 Nbd7 4.Nf3 c6 5.e4 e5 6.Be2 Be7 7.O-O O-O 8.Re1 a6
9.Bf1 b5 10.a3 Bb7 11.h3 Re8 12.Be3 Bf8 13.Qc2 exd4 14.Bxd4 Rc8 15.Rad1 Qc7
16.Qb1 Ne5 17.Nxe5 dxe5 18.Be3 b4 19.axb4 Bxb4 20.Re2 Bxc3 21.bxc3 c5 22.f3 Rcd8
23.Red2 Rxd2 24.Rxd2 Nd7 25.g3 a5 26.h4 Ba6 27.Qa2 Bb7 28.Bh3 Bc6 29.Qa3 a4
30.Bxc5 g6 31.Bd6 Qa7+ 32.c5 Kg7 33.Bf1 f5 34.Bd3 Nf6 35.exf5 e4 36.fxe4 Nxe4
37.Bxe4 Rxe4 38.c4 gxf5 39.Rb2 Qa5 40.Rb4 Kf7 41.Qc3 Kg6 42.Bf8 Qa7 43.Rb6 Re6
44.h5+ Kxh5 45.Rxc6 Rxc6 46.Qf3+ Kg5 47.Qxc6 a3 48.Qh6+ Kg4 49.Qf4+ Kh3 50.Qh4+  1-0